| 000 -CABECERA |
| fixed length control field |
02153nam a22002297a 4500 |
| 003 - IDENTIFICADOR DEL NÚMERO DE CONTROL |
| control field |
AR-CdUCM |
| 008 - DATOS DE LONGITUD FIJA--INFORMACIÓN GENERAL |
| fixed length control field |
190315b ||||| |||| 00| 0 spa d |
| 040 ## - FUENTE DE LA CATALOGACIÓN |
| Agencia/entidad que catalogó originalmente la obra |
MUNICIPALIDAD PROVINCIAL DEL CUSCO |
| Entidad que transcribió la catalogación |
BIBLIOTECA MUNICIPAL DEL CUSCO |
| 082 ## - NÚMERO DE LA CLASIFICACIÓN DECIMAL DEWEY |
| No. de Clasificación |
901 / |
| Notacion interna |
T77 |
| 100 ## - ENTRADA PRINCIPAL--NOMBRE DE PERSONA |
| Nombre Personal |
Toynbee, Arnold Joseph |
| 245 ## - MENCIÓN DE TÍTULO |
| Título |
Estudio de la historia / |
| 260 ## - PUBLICACIÓN, DISTRIBUCIÓN, ETC. |
| Lugar de publicación, distribución, etc. |
Buenos Aires : |
| Nombre de la editorial, distribuidor, etc. |
Emecé, |
| Fecha de publicación, distribución, etc. |
1953. |
| 300 ## - DESCRIPCIÓN FÍSICA |
| Nº de Páginas Extensión |
14 volúmenes ; |
| Otros detalles físicos |
ilustraciones, laminas plegables, |
| Dimensiones |
23 cm. |
| 505 ## - NOTA DE CONTENIDO CON FORMATO |
| Nota de contenido formateada |
Contenido :v.1 :Introduccion -- La relatividad del pensamiento historico -- v.2 : La genesis de las civilizaciones v.3: El crecimiento de las civilizaciones -- v.4: p.1: El colapso de las civilizaciones -- v.4: p.2: El colapso de las civilizaciones: La causa del colapso de las civilizaciones (continuación) -- v.5: p.1: La desintegración de las civilizaciones: El problema de la desintegración de las civilizaciones -- La naturaleza de la desintegración de las civilizaciones -- El proceso de la desintegración de las civilizaciones -- v.5: p.2: La desintegración de las civilizaciones: El proceso de la desintegración de las civilizaciones (continuación) -- v.6: p.1: La desintegración de las civilizaciones -- v.6: p.2: La desintegración de las civilizaciones (continuación) -- v.7: p.1: Estados universales: Fines o medios -- Estados universales como fines -- Estados universales como medios -- v.7: p.2: Estados universales: Estados universales como medios (continuación) -- v.8: Iglesias universales -- Edades heróicas -- v.9: p.1: Contactos de civilizaciones en el espacio (encuentros de sociedades contemporáneas) -- v.9: p.2: Contacto entre civilizaciones en el espacio (continuación) -- v.10: Contacto entre civilizaciones en el tiempo (renaissances) -- v.11: Ley y libertad en la historia -- v.12: Las perspectivas de la civilización Occidental -- v.13: La inspiración de los historiadores -- v.14: p.1: Consideraciones Filosóficas. |
| 650 ## - PUNTO DE ACCESO ADICIONAL DE MATERIA--TÉRMINO DE MATERIA |
| Descriptor |
Civilizaciones |
| 9 (RLIN) |
18217 |
| 650 ## - PUNTO DE ACCESO ADICIONAL DE MATERIA--TÉRMINO DE MATERIA |
| Descriptor |
Filosofía |
| 9 (RLIN) |
395 |
| 650 ## - PUNTO DE ACCESO ADICIONAL DE MATERIA--TÉRMINO DE MATERIA |
| Descriptor |
Historia |
| 9 (RLIN) |
44028 |
| 700 ## - PUNTO DE ACCESO ADICIONAL--NOMBRE DE PERSONA |
| Nombre Personal |
Fatone, Vicente (traducción) |
| 9 (RLIN) |
18218 |
| 942 ## - ELEMENTOS DE PUNTO DE ACCESO ADICIONAL (KOHA) |
| Fuente de clasificación |
|
| Tipo de item |
Libros-BMC |
| 945 ## - PROCESAMIENTO DE INFORMACIÓN LOCAL (OCLC) |
| Catalogador |
achl |